Southville International School and Colleges
Your cart is empty.
  • Cart
  • Lists
    Public lists Eva Luna New books Lux_list list_1
    Your lists Log in to create your own lists
  • Log in to your account
  • Your cookies
  • Search history
Southville International School and Colleges
  • Advanced search
  • Recent comments
  • Most popular
  • Libraries

Log in to your account

Log in with GOOGLE


If you do not have an external account, but do have a local account, you can still log in:

  1. Home
  2. MARC view: Uncle Arthur"s best stories. Volume 1-2 /
Normal view MARC view ISBD view

Uncle Arthur"s best stories. Volume 1-2 / (Record no. 12348)

[ view plain ]
MARC details
000 -LEADER
fixed length control field 00631nam a22002057a 4500
003 - CONTROL NUMBER IDENTIFIER
control field OSt
005 - DATE AND TIME OF LATEST TRANSACTION
control field 20140310182350.0
008 - FIXED-LENGTH DATA ELEMENTS--GENERAL INFORMATION
fixed length control field 130930t xxu||||| |||| 00| 0 eng d
050 ## - LIBRARY OF CONGRESS CALL NUMBER
Classification number PZ 7
Item number .M44 U54 1989
082 ## - DEWEY DECIMAL CLASSIFICATION NUMBER
Classification number GS 813.0108
Item number M45 1989 v.2
100 ## - MAIN ENTRY--PERSONAL NAME
Personal name Maxwell, Arthur S.
9 (RLIN) 22145
245 ## - TITLE STATEMENT
Title Uncle Arthur"s best stories. Volume 1-2 /
Statement of responsibility, etc Arthur S. Maxwell.
260 ## - PUBLICATION, DISTRIBUTION, ETC. (IMPRINT)
Place of publication, distribution, etc Manila :
Name of publisher, distributor, etc Philippine Publishing House,
Date of publication, distribution, etc c1989.
300 ## - PHYSICAL DESCRIPTION
Extent 111 p. :
Other physical details ill, ;
Dimensions 26 cm.
541 ## - IMMEDIATE SOURCE OF ACQUISITION NOTE
-- 1
562 ## - COPY AND VERSION IDENTIFICATION NOTE
Number of copies 1
650 ## - SUBJECT ADDED ENTRY--TOPICAL TERM
Topical term or geographic name as entry element Short stories, American.
9 (RLIN) 13063
650 ## - SUBJECT ADDED ENTRY--TOPICAL TERM
Topical term or geographic name as entry element Children's literature.
9 (RLIN) 1986
942 ## - ADDED ENTRY ELEMENTS (KOHA)
Source of classification or shelving scheme Library of Congress Classification
Koha item type
Holdings
Withdrawn status Lost status Source of classification or shelving scheme Damaged status Home library Current library Shelving location Date acquired Total Checkouts Full call number Barcode Date last seen Copy number Price effective from Koha item type
    Library of Congress Classification   Luxembourg Library Luxembourg Library Grade School Section 09/30/2013   PZ 7 .M44U54 1989 11763 10/28/2015 1 10/03/2013 Books

Uncle Arthur"s best stories. Volume 1-2 /

APA

Maxwell A. S., . (1989). Uncle Arthur"s best stories. Volume 1-2. Manila: Philippine Publishing House.

Chicago

Maxwell Arthur S, . 1989. Uncle Arthur"s best stories. Volume 1-2. Manila: Philippine Publishing House.

Harvard

Maxwell A. S., . (1989). Uncle Arthur"s best stories. Volume 1-2. Manila: Philippine Publishing House.

MLA

Maxwell Arthur S, . Uncle Arthur"s best stories. Volume 1-2. Manila: Philippine Publishing House. 1989.

  • Place hold
  • Print
  • Cite
  • Add to your cart (remove)
  • Save record
    BIBTEX Dublin Core MARCXML MARC (non-Unicode/MARC-8) MARC (Unicode/UTF-8) MARC (Unicode/UTF-8, Standard) MODS (XML) RIS
  • More searches
    Search for this title in:
    Other Libraries (WorldCat) Other Databases (Google Scholar) Online Stores (Bookfinder.com) Open Library (openlibrary.org)

Exporting to Dublin Core...

SOUTHVILLE LIBRARY

Southville International School and Colleges Library

1281 Tropical Ave. Cor. Luxembourg St., BF Homes International, Las Pinas City

Tel. No. 8256374 / 252358 Loc. 117/146

Powered by Koha